| 000 | 00997nam a22003017a 4500 | ||
|---|---|---|---|
| 001 | 4862 | ||
| 003 | FISKH | ||
| 005 | 20241204153338.0 | ||
| 008 | 241021b cb ||||| |||| 00| 0 eng d | ||
| 020 | _a9780064442060 | ||
| 040 |
_aFISKH _beng _cFISKH _dFISKH |
||
| 050 | _aF868.S5 | ||
| 082 | _a979.4404092 | ||
| 100 |
_aLevinson, Smiler _d(1938-) |
||
| 245 |
_aSnowshoe Thompson / _cNancy Smiler Levinson Pictures by Joan Sandin |
||
| 250 | _aFirst edition in 1996 | ||
| 260 |
_aNew York : _bHarper Trophy, _c1996. |
||
| 300 |
_a64 pages : _bcolor illustrations ; _c22 cm |
||
| 505 | _aJ | ||
| 520 | _aOne winter John Thompson skis across the Sierra Nevada Mountains and creates a path upon which mail and people may travel, thus earning his nickname "Snowshoe Thompson." | ||
| 521 | 8 |
_a500L
_bLexile |
|
| 521 | 8 |
_aL
_bRaz-Plus |
|
| 650 |
_2Fiction _aBiography |
||
| 650 |
_2Winter _aPicture book |
||
| 700 |
_aSandin, Joan _dIllustrator |
||
| 942 |
_2ddc _cBK _n0 |
||
| 999 |
_c4862 _d4862 |
||